• 首页
  • 本馆介绍
  • 公告通知
  • 最新文献
  • 馆藏检索
  • 电子资源
  • 读者导购
  • 参考咨询
  • 我的图书馆
  • 登录
  • 详细信息显示
  • 放入我的书架
  • 预约/预借图书
  • 作者相关作品
  • 分类相关作品
  • 丛书相关作品
  • 出版社相关作品

书目信息

  • 表格格式
  • 工作单格式
  • 卡片格式
题名:
工程力学
    
 
作者: ;北京钢铁学院 , 东北工学院 编
分册: 中册   材料力学
出版信息: 北京   人民教育出版社  1979
页数: 213-342页
开本: 19cm
丛书名:
单 册:
中图分类: TB12
科图分类:
主题词: 工程力学--高等学校--教材
电子资源:
ISBN:
000 00722nam0 2200241 45
001 0179008437
005 20060818164142.56
010    @d¥0.38
091    @aCN@b15012.0165
100    @a19950801d1979 em y0chiy0121 ea
101 0  @achi
102    @aCN@b110000
105    @ay z 000yy
200 10 @a工程力学@Agong cheng li xue@h中册@h第二分册@i材料力学@f北京钢铁学院,东北工学院编
210    @a北京@c人民教育出版社@d1979
215    @a213-342页@d19cm
300    @a高等学校试用教材
606    @a工程力学@x高等学校@x教材
690    @aTB12@v3
711 02 @a北京钢铁学院@Abei jing gang tie xue yuan@4编
711 02 @a东北工学院@Adong bei gong xue yuan@4编
801  0 @aCN@bTSSF@c20060818
905    @a10447@dTB12@e117:2(2)
    
    工程力学.中册.第二分册.材料力学/北京钢铁学院,东北工学院编.-北京:人民教育出版社,1979
    213-342页;19cm
    高等学校试用教材
    
    ISBN :¥0.38
    
●
相关链接 在E读中查询图书 在五车中查询图书 在当当中查询图书 在豆瓣中查询图书


正题名:工程力学     索取号:TB12/117:2(2)         预约/预借

序号 登录号 条形码 馆藏地/架位号 状态 备注
1 0458837   204588375   密集书库/ [索取号:TB12/117:2(2)] 在馆    
2 0458838   204588384   密集书库/ [索取号:TB12/117:2(2)] 在馆    
唐山师范学院图书馆 欢迎您!
大连网信软件有限公司© 版权所有